[Event "Brandenburg Seniors op 13th"]
[Site "Rowy"]
[Date "2004.06.27"]
[Round "6"]
[White "Dobrowolski, Jerzy"]
[Black "Satka, Martin"]
[Result "1-0"]
[WhiteElo "1411"]
[BlackElo "1367"]
[PlyCount "57"]
[EventDate "2004.06.21"]
[EventType "swiss"]
[EventRounds "9"]
[EventCountry "POL"]
[SourceTitle "EXT 2006"]
[Source "ChessBase"]
[SourceDate "2005.11.24"]
[SourceVersion "1"]
[SourceVersionDate "2005.11.24"]
[SourceQuality "1"]

1. e4 b6 2. d4 Bb7 3. Nc3 e6 4. Bf4 Be7 5. Nb5 d6 6. e5 a6 7. exd6 cxd6 8. Nc3 Nf6 9. Nf3 0-0 10. Bd3 Nbd7 11. Qe2 b5 12. a3 Qb6 13. Be3 Ng4 14. h4 Nxe3 15. fxe3 d5 16. g4 Nf6 17. Ne5 Ne4 18. Bxe4 dxe4 19. Nd7 Qd6 20. Nxf8 Bxf8 21. 0-0-0 Bc6 22. g5 b4 23. Nb1 Bb5 24. Qh2 Qc6 25. axb4 Bxb4 26. c3 Qc4 27. Qc2 Rc8 28. h5 Ba4 29. Qxa4 1-0

[Event "Brandenburg Seniors op 13th"]
[Site "Rowy"]
[Date "2004.06.25"]
[Round "4"]
[White "Dobrowolski, Jerzy"]
[Black "Heidfeld, Christel"]
[Result "0-1"]
[WhiteElo "1411"]
[BlackElo "1266"]
[PlyCount "67"]
[EventDate "2004.06.21"]
[EventType "swiss"]
[EventRounds "9"]
[EventCountry "POL"]
[SourceTitle "EXT 2006"]
[Source "ChessBase"]
[SourceDate "2005.11.24"]
[SourceVersion "1"]
[SourceVersionDate "2005.11.24"]
[SourceQuality "1"]

1. d4 d5 2. c4 dxc4 3. a4 a6 4. e4 e6 5. Bxc4 c6 6. Nf3 Nd7 7. 0-0 Ndf6 8. Nc3 Bb4 9. Ne2 Nxe4 10. Qc2 Ngf6 11. Be3 0-0 12. Rfd1 Qe7 13. Bd3 Nd6 14. Bd2 a5 15. Bxb4 axb4 16. Ng5 g6 17. b3 e5 18. dxe5 Qxe5 19. Nf3 Qe7 20. Re1 Qc7 21. Ng3 Be6 22. Rac1 Bd5 23. Ne4 Bxe4 24. Bxe4 Rfe8 25. Bd3 Ng4 26. h3 Nf6 27. Qd2 Kg7 28. Qxb4 Re7 29. Qc3 Rae8 30. Rxe7 Rxe7 31. Re1 Qd8 32. Rd1 Nde4 33. Qc1 Qb6 34. Qc2 0-1

[Event "Brandenburg Seniors op 13th"]
[Site "Rowy"]
[Date "2004.06.22"]
[Round "2"]
[White "Bade, Heidrun"]
[Black "Dobrowolski, Jerzy"]
[Result "1-0"]
[WhiteElo "1756"]
[BlackElo "1411"]
[PlyCount "113"]
[EventDate "2004.06.21"]
[EventType "swiss"]
[EventRounds "9"]
[EventCountry "POL"]
[SourceTitle "EXT 2006"]
[Source "ChessBase"]
[SourceDate "2005.11.24"]
[SourceVersion "1"]
[SourceVersionDate "2005.11.24"]
[SourceQuality "1"]

1. e4 c6 2. d4 d5 3. e5 e6 4. Nf3 h6 5. Bd3 Nd7 6. 0-0 c5 7. c3 c4 8. Bc2 Nb6 9. Nbd2 Bd7 10. Re1 Ne7 11. Nf1 Ng6 12. Ng3 Qc7 13. Bd2 0-0-0 14. b3 h5 15. Ng5 Bc6 16. Bxg6 fxg6 17. Nxe6 Qf7 18. Nxd8 Kxd8 19. Bg5+ Be7 20. Bxe7+ Qxe7 21. Re3 h4 22. Nf1 Bd7 23. h3 Bf5 24. Nd2 Rh5 25. b4 a6 26. a4 Qe6 27. Qf3 Nd7 28. a5 Nf8 29. Qd1 Rg5 30. Kh2 Rh5 31. Rf3 Nh7 32. Qf1 g5 33. Qe2 Rh6 34. Rg1 Rg6 35. g4 hxg3+ 36. Rgxg3 g4 37. Re3 gxh3 38. Rxg6 Qxg6 39. Rg3 Qh6 40. Qe3 Qxe3 41. Rxe3 Ke7 42. Rg3 g6 43. Nf3 Nf8 44. Nh4 Be4 45. Kxh3 Ke6 46. Kg4 Bd3 47. f4 Bc2 48. Nf3 Bd1 49. Rh3 Kf7 50. Rh1 Bxf3+ 51. Kxf3 Kg7 52. Kg4 Ne6 53. f5 gxf5+ 54. Kxf5 Kf7 55. Rh7+ Ng7+ 56. Rxg7+ Kxg7 57. Ke6 1-0

[Event "Brandenburg Seniors op 12th"]
[Site "Rowy"]
[Date "2003.06.24"]
[Round "8"]
[White "Dobrowolski, Jerzy"]
[Black "Satka, Martin"]
[Result "1-0"]
[WhiteElo "1414"]
[BlackElo "1271"]
[PlyCount "75"]
[EventDate "2003.06.??"]
[EventType "swiss"]
[EventRounds "9"]
[EventCountry "POL"]
[SourceTitle "EXT 2006"]
[Source "ChessBase"]
[SourceDate "2005.11.24"]
[SourceVersion "1"]
[SourceVersionDate "2005.11.24"]
[SourceQuality "1"]

1. e4 g5 2. h3 Bg7 3. Nc3 h6 4. d4 b6 5. f3 Bb7 6. e5 e6 7. Bd3 Nc6 8. Be4 d6 9. Bxc6+ Bxc6 10. exd6 Qxd6 11. Nge2 f5 12. Be3 0-0-0 13. Qd3 Qd7 14. 0-0-0 Kb7 15. Rhg1 Nf6 16. Kb1 Nd5 17. Nxd5 Bxd5 18. Rd2 Qf7 19. Nc3 Bc6 20. Qc4 f4 21. Bf2 Qf6 22. Rgd1 Bd5 23. Nxd5 Rxd5 24. a3 Rhd8 25. c3 R8d6 26. Qe2 Rc6 27. Qe4 Qf5 28. Qxf5 exf5 29. Re2 Rd8 30. g3 fxg3 31. Bxg3 f4 32. Bf2 a5 33. h4 Kb8 34. Rde1 Rcd6 35. hxg5 hxg5 36. Rh1 Rh8 37. Rxh8+ Bxh8 38. Re8+ 1-0

[Event "Brandenburg Seniors op 12th"]
[Site "Rowy"]
[Date "2003.06.21"]
[Round "5"]
[White "Schult, Otto"]
[Black "Dobrowolski, Jerzy"]
[Result "1-0"]
[WhiteElo "1605"]
[BlackElo "1414"]
[PlyCount "69"]
[EventDate "2003.06.??"]
[EventType "swiss"]
[EventRounds "9"]
[EventCountry "POL"]
[SourceTitle "EXT 2006"]
[Source "ChessBase"]
[SourceDate "2005.11.24"]
[SourceVersion "1"]
[SourceVersionDate "2005.11.24"]
[SourceQuality "1"]

1. d4 d5 2. c4 c6 3. e3 Nf6 4. Nc3 Nbd7 5. Nf3 Qc7 6. Qb3 e6 7. Bd3 Be7 8. cxd5 exd5 9. Qc2 Nb6 10. a3 Be6 11. b3 g6 12. Bd2 h6 13. a4 a5 14. Ne5 0-0-0 15. Rc1 Nbd7 16. Nb5 Qb6 17. 0-0 Nxe5 18. dxe5 Nd7 19. f4 f6 20. Nd4 Nc5 21. Rb1 Bd7 22. Qc3 Nxd3 23. Qxd3 Kb8 24. Nc2 Rc8 25. b4 Bxb4 26. Bxb4 axb4 27. Nxb4 Qa7 28. Na6+ Ka8 29. Nc5 Rc7 30. e4 Be8 31. Qc3 Rhh7 32. a5 Qb8 33. Na6 bxa6 34. Rxb8+ Kxb8 35. Qb4+ 1-0

[Event "Brandenburg Seniors op 11th"]
[Site "Rowy"]
[Date "2002.06.23"]
[Round "6"]
[White "Ewald, Horst"]
[Black "Dobrowolski, Jerzy"]
[Result "1-0"]
[WhiteElo "1664"]
[BlackElo "1500"]
[PlyCount "103"]
[EventDate "2002.06.??"]
[EventType "swiss"]
[EventRounds "7"]
[EventCountry "POL"]
[SourceTitle "EXT 2006"]
[Source "ChessBase"]
[SourceDate "2005.11.24"]
[SourceVersion "1"]
[SourceVersionDate "2005.11.24"]
[SourceQuality "1"]

1. d4 d5 2. Nc3 Nf6 3. Bg5 e6 4. e3 Nbd7 5. Be2 Bb4 6. Nf3 0-0 7. 0-0 Qe8 8. Ne5 Bxc3 9. bxc3 Ne4 10. Bh4 Nxc3 11. Qd3 Nxe2+ 12. Qxe2 Nxe5 13. dxe5 Bd7 14. Qg4 f5 15. exf6 Qg6 16. Qxg6 hxg6 17. fxg7 Kxg7 18. Bg3 Rac8 19. Rab1 b6 20. Be5+ Kf7 21. Rb4 Ke7 22. Rh4 Rf5 23. f4 c5 24. Rd1 Bb5 25. Rd2 a6 26. g4 Rf7 27. g5 Rg8 28. Kf2 Kd7 29. Ke1 Kc8 30. Rg2 Bc4 31. a3 Bb5 32. Rh6 Bc6 33. Rd2 Bb5 34. h4 Rb7 35. h5 Be8 36. Rh2 Rd7 37. c3 b5 38. hxg6 Bxg6 39. Bf6 a5 40. Rh8 Rxh8 41. Rxh8+ Kb7 42. Rh6 Bd3 43. g6 Bxg6 44. Rxg6 b4 45. axb4 axb4 46. cxb4 cxb4 47. Bd4 Kc6 48. Rxe6+ Kb5 49. Rb6+ Kc4 50. f5 Rh7 51. f6 Rf7 52. Re6 1-0

[Event "Brandenburg Seniors op 11th"]
[Site "Rowy"]
[Date "2002.06.17"]
[Round "1"]
[White "Dobrowolski, Jerzy"]
[Black "Schenk, Dieter"]
[Result "0-1"]
[WhiteElo "1500"]
[BlackElo "1845"]
[PlyCount "92"]
[EventDate "2002.06.??"]
[EventType "swiss"]
[EventRounds "7"]
[EventCountry "POL"]
[SourceTitle "EXT 2006"]
[Source "ChessBase"]
[SourceDate "2005.11.24"]
[SourceVersion "1"]
[SourceVersionDate "2005.11.24"]
[SourceQuality "1"]

1. d4 d5 2. c4 e6 3. Nc3 c6 4. a3 dxc4 5. e4 b5 6. Nf3 Nf6 7. e5 Nd5 8. Qc2 Nxc3 9. Qxc3 Bb7 10. Bg5 Be7 11. Bxe7 Qxe7 12. Be2 0-0 13. 0-0 Nd7 14. Rfe1 c5 15. Rad1 Rfd8 16. h3 a6 17. Rd2 cxd4 18. Rxd4 Nc5 19. Red1 Rd5 20. Qe3 Rad8 21. Rxd5 Rxd5 22. Rxd5 Bxd5 23. Qg5 Qxg5 24. Nxg5 Na4 25. Bf3 Bxf3 26. Nxf3 Nxb2 27. Kf1 c3 28. Ne1 Nc4 29. Nc2 Nxe5 30. Ke2 g5 31. Ke3 Kg7 32. Kd4 Nc4 33. Kxc3 e5 34. Kd3 f5 35. f3 h5 36. g3 Kf6 37. Kc3 g4 38. hxg4 hxg4 39. fxg4 fxg4 40. Kd3 Kf5 41. a4 Nb2+ 42. Ke3 Nxa4 43. Nb4 Nc5 44. Nc6 Ke6 45. Nb4 a5 46. Nc2 b4 0-1